| 000 -ლიდერი |
| ფიქსირებული სიგრძის საკონტროლო ველი |
00954nam a2200241Ia 4500 |
| 001 - საკონტროლო ნომერი |
| საკონტროლო ველი |
16505 |
| 003 - საკონტროლო ნომრის იდენტიფიკატორი |
| საკონტროლო ველი |
GE_BSU |
| 005 - ბოლო ოპერაციის თარიღი და დრო |
| საკონტროლო ველი |
20250123112527.0 |
| 008 - ფიქსირებული სიგრძის მონაცემთა ელემენტები - ზოგადი ინფორმაცია |
| ფიქსირებული სიგრძის საკონტროლო ველი |
181216s1983||||ge |||||||||||||| ||geo|| |
| 040 ## - კატალოგიზაციის წყარო |
| Transcribing agency |
GE_BSU |
| 041 ## - ენის კოდი |
| Language code of text/sound track or separate title |
geo |
| 080 ## - უნივერსალური ათობითი კლასიფიკაციის ინდექსი |
| Universal Decimal Classification number |
821.353.1–32 ს-92 |
| 100 ## - მთავარი ჩანაწერი - პიროვნების სახელი |
| Personal name |
სულაკაური, არჩილ |
| 9 (RLIN) |
5579 |
| 245 ## - ცნობა სათაურის შესახებ |
| Title |
ერთტომეული : |
| Remainder of title |
მოთხრობები / |
| Statement of responsibility, etc |
რედ. : ლ. ბრეგვაძე ; მხატვ. : ნ. ჭიაურღული. |
| 264 ## - წარმოების, გამოცემის, დისტრიბუციის და სხვა ცნობები |
| გამოცემის, წარმოების, დისტრიბუციის... ადგილი |
თბილისი : |
| გამოცემის, წარმოების, დისტრიბუციის... სახელწოდება |
საბჭოთა საქართველო, |
| გამოცემის, წარმოების, დისტრიბუციის... თარიღი |
1983. |
| 300 ## - ფიზიკური აღწერა |
| Extent |
730 გვ. ; |
| Dimensions |
22სმ. |
| 653 ## - INDEX TERM--UNCONTROLLED |
| Uncontrolled term |
ერთტომეული |
| 653 ## - INDEX TERM--UNCONTROLLED |
| Uncontrolled term |
მოთხრობები |
| 700 ## - ADDED ENTRY--PERSONAL NAME |
| Personal name |
ბრეგვაძე, ლ. |
| Relator term |
რედაქტორი |
| 9 (RLIN) |
5498 |
| 700 ## - ADDED ENTRY--PERSONAL NAME |
| Personal name |
ჭიაურღული, ნ. |
| Relator term |
მხატვარი |
| 9 (RLIN) |
24095 |
| 942 ## - ADDED ENTRY ELEMENTS (KOHA) |
| Koha item type |
წიგნი |
| Source of classification or shelving scheme |
|